| 000 -LEADER |
| fixed length control field |
00771nam a2200241 a 4500 |
| 001 - CONTROL NUMBER |
| control field |
3789 |
| 003 - CONTROL NUMBER IDENTIFIER |
| control field |
BD-DhUAP |
| 005 - DATE AND TIME OF LATEST TRANSACTION |
| control field |
20201224135634.0 |
| 008 - FIXED-LENGTH DATA ELEMENTS--GENERAL INFORMATION |
| fixed length control field |
201222s1995 caua 000 0 eng |
| 020 ## - INTERNATIONAL STANDARD BOOK NUMBER |
| International Standard Book Number |
1560523506 |
| 040 ## - CATALOGING SOURCE |
| Original cataloging agency |
DLC |
| Transcribing agency |
DLC |
| Language of cataloging |
eng |
| Modifying agency |
BD-DhUAP |
| 082 00 - DEWEY DECIMAL CLASSIFICATION NUMBER |
| Classification number |
658.4012 LAY |
| Edition number |
23 |
| 100 1# - MAIN ENTRY--PERSONAL NAME |
| Personal name |
Layton, Sarah M. |
| 245 10 - TITLE STATEMENT |
| Title |
Competitive strategy : |
| Remainder of title |
planning your organization's success / |
| Statement of responsibility, etc. |
Sarah M. Layton, Alfred B. Hurd and William G. Lipsey. |
| 260 ## - PUBLICATION, DISTRIBUTION, ETC. |
| Place of publication, distribution, etc. |
Menlo Park, Calif. : |
| Name of publisher, distributor, etc. |
Crisp Publications, |
| Date of publication, distribution, etc. |
c1995. |
| 300 ## - PHYSICAL DESCRIPTION |
| Extent |
ix, 103 pages : |
| Other physical details |
ill.ustrations ; |
| Dimensions |
26 cm. |
| 490 ## - SERIES STATEMENT |
| Series statement |
A Fifty-Minute series book. |
| 650 #0 - SUBJECT ADDED ENTRY--TOPICAL TERM |
| Topical term or geographic name entry element |
Strategic planning. |
| 650 #0 - SUBJECT ADDED ENTRY--TOPICAL TERM |
| Topical term or geographic name entry element |
Business planning. |
| 700 1# - ADDED ENTRY--PERSONAL NAME |
| Personal name |
Hurd, Alfred B. |
| 700 1# - ADDED ENTRY--PERSONAL NAME |
| Personal name |
Lipsey, William G. |
| 942 ## - ADDED ENTRY ELEMENTS (KOHA) |
| Source of classification or shelving scheme |
|
| Koha item type |
Book |